Villes de France en I (difficile) - Statistiques

Statistiques générales
  • Ce quiz a été pris 55 fois
  • Le résultat moyen est 7 sur 20
Statistiques - réponses
Hint Réponse % Correct
D'aucuns diront que c'est la jumelle de Châteauroux... en moins bien encore. Issoudun
77%
Le quartier de Javel à Paris lui appartenait jadis Issy-les-Moulineaux
71%
Célèbre appellation d'origine protégée de beurre normand Isigny-sur-Mer
69%
Le quartier de La Gare à Paris lui appartenait jadis Ivry-sur-Seine
69%
Cette ville de la banlieue limougeaude porte le nom d'une rivière située environ 100 km au sud. Isle
63%
Cité romane d'Auvergne à l'abbatiale remarquable. Issoire
58%
La première partie de son nom signifie « L'église de l'Ill » Illkirch-Graffenstaden
54%
Cette commune de banlieue nantaise prend le nom d'un département auquel elle n'appartient pas Indre
50%
Le maréchal Pétain termina sa vie interné sur cette commune insulaire cossue et y est inhumé. (L'___) L'Île-d'Yeu
40%
Son nom ressemble aux trois précédentes et évoque un fleuve biblique. (L'___) L'Isle-Jourdain
33%
Le nom de cette commune du nord de l'Île-de-France évoque le père de tous les hommes (L'___) L'Isle-Adam
31%
Ville nouvelle des terres froides, voisine de Bourgoin-Jallieu (L'___) L'Isle-d'Abeau
27%
Son nom donne l'impression qu'elle est une île bien qu'elle n'en soit pas vraiment une et cependant.. elle est située sur une île. (L'___) L'Île-Rousse
23%
Banlieue de Caen Ifs
21%
Cité du Comtat Venaissin (L'___) L'Isle-sur-la-Sorgue
21%
Cette commune appartenait à Mulhouse jusqu'à son rattachement à la France en 1798. Illzach
17%
En périphérie de Tarbes Ibos
6%
Le Pas de Roland se situe sur le territoire de cette commune basque, aussi célèbre pour ses cerises noires Itxassou
6%
les aciéries de cette ville industrielle du Nivernais participèrent à la construction de la tour Eiffel. Imphy
4%
Ce village de Lozère abrite les sources de l'eau de Quézac Ispagnac
4%
Aucun quiz correspondant
Distribution des résultats
% des personnes avec chaque résultat
Percentile par nombre de réponses
Votre historique - résultats
Vous n’avez pas pris ce quiz